[Event "Challenge"]
[Site "http://www.queenalice.com/game.php?id=668120"]
[Date "2009.10.16"]
[Round "-"]
[White "FeralPawn"]
[Black "fernando1971"]
[Result "0-1"]
[WhiteElo "1998"]
[BlackElo "2354"]

1. e4 e5 2. d4 exd4 3. c3 dxc3 4. Nxc3 Nc6 5. Bc4 Bb4 6. Qb3 Qe7 7. Bd2 Na5 8.
Bxf7+ Kf8 9. Qd5 Nf6 10. Qd4 Nc6 11. Qd3 Kxf7 12. Nf3 Bxc3 13. Bxc3 Qxe4+ 14.
Qxe4 Nxe4 0-1

[Event "Series 3: R0 F2 D0"]
[Site "http://www.queenalice.com/game.php?id=669048"]
[Date "2009.10.18"]
[Round "-"]
[White "FeralPawn"]
[Black "regicide13"]
[Result "0-1"]
[WhiteElo "1998"]
[BlackElo "1874"]

1. e4 e5 2. Nf3 Nc6 3. d4 h6 4. dxe5 d6 5. exd6 Bxd6 6. Nc3 a6 7. Bc4 Be6 8.
Bxe6 fxe6 9. O-O Qe7 10. Nd4 Nf6 11. f4 Nxd4 12. Qxd4 Bc5 13. Be3 Bxd4 14. Bxd4
Qb4 15. Rad1 O-O-O 16. a3 Qxb2 17. Nd5 Qxa3 18. Rd3 Qf8 19. Nxc7 Kxc7 20. Be5+
Kc6 21. Rc3+ Kd7 22. Rd1+ Ke8 23. Bd6 Rxd6 24. Rc8+ Ke7 25. Rxf8 Rxd1+ 0-1

[Event "Game: S:4 F:1 D:1"]
[Site "http://www.queenalice.com/game.php?id=669474"]
[Date "2009.10.19"]
[Round "-"]
[White "xSmashOrBeSmashedx"]
[Black "FeralPawn"]
[Result "0-1"]
[WhiteElo "1925"]
[BlackElo "1965"]

1. e4 g5 2. d4 g4 3. Bc4 c5 4. Qxg4 d5 5. Qe2 dxc4 6. Qxc4 cxd4 7. Nf3 Nc6 8.
O-O Nf6 9. Ng5 e6 10. Rd1 Bd7 11. c3 Rg8 12. cxd4 h6 13. d5 Ne5 14. Qd4 Bd6 15.
Nh3 Nfg4 16. Nf4 Qh4 17. h3 Nf3+ 18. gxf3 Ne3+ 19. Kh1 Bxf4 0-1

[Event "04 SM09 FP08 D2"]
[Site "http://www.queenalice.com/game.php?id=673907"]
[Date "2009.10.28"]
[Round "-"]
[White "ShahMaster"]
[Black "FeralPawn"]
[Result "0-1"]
[WhiteElo "1872"]
[BlackElo "1987"]

1. d4 d6 2. Nf3 Nf6 3. Nc3 Nbd7 4. e4 e5 5. d5 Be7 6. h3 h6 7. Bc4 Nc5 8. Qe2
Bd7 9. b3 Nh5 10. Nxe5 Nf4 11. Bxf4 dxe5 12. Bxe5 Bf6 13. Bxf6 Qxf6 14. e5 Qg5
15. g3 O-O-O 16. Ne4 Qxe5 0-1

[Event "Challenge"]
[Site "http://www.queenalice.com/game.php?id=676441"]
[Date "2009.11.2"]
[Round "-"]
[White "burnthepoliticians"]
[Black "FeralPawn"]
[Result "1/2-1/2"]
[WhiteElo "1709"]
[BlackElo "1985"]

1. e4 d5 2. exd5 Qxd5 3. Nc3 Qd6 4. Nf3 Nc6 5. Bb5 Bd7 6. d4 e6 7. O-O Be7 8.
Bc4 g5 9. a3 g4 10. Ne4 gxf3 11. Nxd6+ Bxd6 12. Qxf3 Nf6 13. Qxf6 Rg8 14. Bd3
Be7 15. Qh6 O-O-O 16. Qxh7 Bd6 17. Qxf7 Rdf8 18. Qh5 Rh8 19. Qxh8 Rxh8 20. h3
Nxd4 21. Be3 Nc6 22. Bb5 Rg8 23. Bxc6 Bxc6 24. g3 Bxg3 25. fxg3 Rxg3+ 26. Kf2
Rg2+ 27. Ke1 Bb5 28. Rf8+ Kd7 29. Rd1+ Kc6 30. Rf2 Rg3 31. Bf4 Rxh3 32. Rh2 Rf3
33. Rf2 Rh3 34. Rh2 Rf3 35. Rd4 b6 36. b3 Kb7 37. Rf2 Rh3 38. Rh2 Rf3 39. a4 Bc6
40. Rf2 Rh3 41. Rd3 Rh4 42. c4 1/2-1/2

[Event "04 SM09 FP09 D2"]
[Site "http://www.queenalice.com/game.php?id=676574"]
[Date "2009.11.2"]
[Round "-"]
[White "FeralPawn"]
[Black "ShahMaster"]
[Result "0-1"]
[WhiteElo "1990"]
[BlackElo "1886"]

1. e4 Nc6 2. Nf3 e5 3. d4 exd4 4. Bc4 h6 5. c3 Nf6 6. e5 d5 7. exf6 dxc4 8. fxg7
Bxg7 9. Bd2 Qe7+ 10. Qe2 Qxe2+ 11. Kxe2 dxc3 12. Bxc3 Bxc3 13. Nxc3 Bg4 14. h3
Bxf3+ 15. Kxf3 O-O-O 16. Rad1 Rxd1 17. Rxd1 Rd8 18. Kf4 Rxd1 19. Nxd1 Ne7 20.
Ke5 Kd8 21. Kf6 Ke8 22. Ne3 b5 23. g4 c6 24. Kg7 Nd5 25. h4 Nxe3 26. fxe3 b4 27.
g5 h5 0-1

[Event "War of the dogs :-)"]
[Site "http://www.queenalice.com/game.php?id=677785"]
[Date "2009.11.4"]
[Round "-"]
[White "FeralPawn"]
[Black "FeralOnFire"]
[Result "1-0"]
[WhiteElo "1975"]
[BlackElo "1426"]

1. e4 e5 2. Nf3 d6 3. d4 Nd7 4. Bc4 Nb6 5. Bb3 f6 6. dxe5 fxe5 7. O-O Be7 8. Nc3
Nf6 9. Be3 c5 10. Qe2 d5 11. exd5 Nbxd5 12. Nxd5 Nxd5 13. Rad1 Be6 14. Nxe5 O-O
15. Bxd5 Qd6 16. Bxc5 Qxc5 17. Bxe6+ Kh8 18. Nf7+ Kg8 19. Ne5+ Kh8 20. Nd7 Qc6
21. Nxf8 Rxf8 22. Bd5 Qf6 23. Rd3 Qxb2 24. Qxe7 h6 25. Qxf8+ Kh7 26. Be4+ g6 27.
Rd7+ Qg7 28. Rxg7# 1-0

[Event "Series 3: R1 F2 D0 "]
[Site "http://www.queenalice.com/game.php?id=678289"]
[Date "2009.11.5"]
[Round "-"]
[White "regicide13"]
[Black "FeralPawn"]
[Result "0-1"]
[WhiteElo "1895"]
[BlackElo "1977"]

1. e4 d5 2. e5 Bf5 3. d4 e6 4. c3 c5 5. Bb5+ Nc6 6. Qa4 Qc7 7. Nf3 Ne7 8. dxc5
a6 9. Bxc6+ Nxc6 10. b4 b5 11. Qd1 Nxe5 12. Bf4 Nd3+ 13. Kf1 Qxf4 14. Nbd2 e5
15. g3 Bh3+ 16. Kg1 Qg4 17. a4 Be7 18. axb5 Bg5 19. bxa6 O-O 20. Qc2 Bxd2 21.
Nxd2 Qe2 0-1

[Event "S:4 F:2 D:1"]
[Site "http://www.queenalice.com/game.php?id=678290"]
[Date "2009.11.5"]
[Round "-"]
[White "FeralPawn"]
[Black "xSmashOrBeSmashedx"]
[Result "1-0"]
[WhiteElo "1970"]
[BlackElo "1935"]

1. e4 g6 2. Bc4 Bg7 3. d4 c5 4. Qf3 e6 5. d5 Ne7 6. Bg5 Bxb2 7. e5 Qa5+ 8. Nd2
Bxa1 9. Qf6 Kd8 10. Qxh8+ Kc7 11. Bxe7 b6 12. Qd8+ Kb7 13. Bd6 Na6 14. Nf3 Nb4
15. Qc7# 1-0

[Event "Series 3: R1 F3 D0 "]
[Site "http://www.queenalice.com/game.php?id=681833"]
[Date "2009.11.12"]
[Round "-"]
[White "FeralPawn"]
[Black "regicide13"]
[Result "1/2-1/2"]
[WhiteElo "1987"]
[BlackElo "1913"]

1. e4 e5 2. Nf3 Nc6 3. d4 exd4 4. Bc4 Bb4+ 5. c3 dxc3 6. bxc3 Bc5 7. O-O Nge7 8.
Ng5 O-O 9. Nxf7 Rxf7 10. Bxf7+ Kxf7 11. Be3 Bd6 12. f4 Ng6 13. Qd5+ Kf8 14. Nd2
b6 15. Nc4 Qe7 16. Rad1 Bc5 17. Bd4 Bxd4+ 18. cxd4 Nb4 19. Qh5 Kg8 20. f5 Nf8
21. e5 Nd5 22. f6 Qf7 23. Qg5 Ba6 24. e6 Nxe6 25. Qxd5 c6 26. Qe5 Bxc4 27. Rf3
Rd8 28. fxg7 Qxg7 29. Rg3 d6 30. Rxg7+ Nxg7 31. Qe7 Re8 32. Qxd6 Bd5 33. Qd7 h6
34. h3 Re2 35. Kf1 Bc4 36. Kg1 Bd5 37. Qg4 Rxa2 38. Re1 Rxg2+ 1/2-1/2

[Event "04 SM10 FP09 D2 "]
[Site "http://www.queenalice.com/game.php?id=681834"]
[Date "2009.11.12"]
[Round "-"]
[White "ShahMaster"]
[Black "FeralPawn"]
[Result "0-1"]
[WhiteElo "1905"]
[BlackElo "1974"]

1. d4 Nf6 2. Nf3 e6 3. a3 Nc6 4. Nc3 b6 5. e4 Bb7 6. Bg5 h6 7. Be3 Be7 8. h3 d6
9. Bb5 O-O 10. Bd3 Nb8 11. O-O Nbd7 12. b4 Re8 13. Qd2 Bf8 14. Rfe1 a5 15. Reb1
d5 16. e5 Ne4 17. Bxe4 dxe4 18. Nh2 axb4 19. axb4 Rxa1 20. Qc1 Rxb1 21. Qxb1 Be7
22. b5 Bg5 23. Qc1 Bxe3 24. Qxe3 Nf8 25. Nxe4 Bxe4 26. Qxe4 Qg5 27. Nf3 Qf5 28.
Qc6 Rd8 29. Qxc7 Rd7 30. Qc6 Ra7 31. Kf1 Ra1+ 32. Ne1 Qf4 33. Qc3 Qc1 34. Ke2
Ng6 35. Nd3 Qf1+ 36. Kf3 Nh4+ 37. Kg3 Qxg2+ 38. Kf4 g5+ 39. Ke3 Qf3+ 0-1

[Event "S:4 F:3 D:1"]
[Site "http://www.queenalice.com/game.php?id=681835"]
[Date "2009.11.12"]
[Round "-"]
[White "xSmashOrBeSmashedx"]
[Black "FeralPawn"]
[Result "1-0"]
[WhiteElo "1842"]
[BlackElo "2010"]

1. e4 e5 2. Nf3 Nc6 3. d4 d5 4. exd5 Qxd5 5. Nc3 Qa5 6. d5 Nd4 7. Nxe5 Bc5 8.
Nc4 Qa6 9. Ne5 Qf6 10. Ng4 Qf5 11. Bd3 Qxg4 12. Qxg4 Bxg4 13. Ne4 Bb6 14. O-O
Kd7 15. Re1 Ne7 16. Ng5 f6 17. Ne6 Nxe6 18. dxe6+ Bxe6 19. Bf4 Nd5 20. Bg3 g5
21. Rad1 Kc6 22. Rxe6+ Kc5 23. c3 a5 24. a4 Rhe8 25. b4+ axb4 26. cxb4+ Nxb4 27.
Rc1+ Kd4 28. Rxe8 Rxe8 29. Bxh7 Na2 30. Rd1+ Kc3 31. Kf1 Nb4 32. f3 Nc2 33. Rc1
Kb2 34. Rxc2+ Kb3 35. Bxc7 Ba7 36. a5 Rh8 37. Be4 Rxh2 38. Bb6 Bxb6 39. axb6 Rh8
40. Rc7 Rb8 41. Kf2 Kb4 42. Rf7 1-0

[Event "AUTO-ADV-1538"]
[Site "http://www.queenalice.com/game.php?id=681856"]
[Date "2009.11.12"]
[Round "1"]
[White "FeralPawn"]
[Black "willyanF"]
[Result "0-1"]
[WhiteElo "2026"]
[BlackElo "1915"]

1. e4 c5 2. b4 cxb4 3. a3 bxa3 4. Bxa3 d6 5. Bc4 Nf6 6. Nf3 h6 7. O-O Nxe4 8.
Nc3 Nxc3 9. dxc3 Qc7 10. Re1 Qxc4 11. Bxd6 Nc6 12. Ne5 Nxe5 13. Rxe5 Be6 14. Rc5
Qh4 15. Bc7 f6 16. Qd3 Kf7 17. Qb5 Qe4 18. Rc4 Qxc4 19. Qxb7 Qxc3 20. Rd1 Qxc2
21. Re1 Rc8 22. Bd6 Qc1 23. Bb4 Qc7 24. Qe4 Qc6 25. Qe3 g5 26. h3 Bg7 27. Qe2
Rhd8 28. Qh5+ Kg8 29. Bxe7 Re8 30. Ba3 Bf7 31. Rxe8+ Rxe8 32. Qd1 Qc3 0-1

[Event "AUTO-ADV-1538"]
[Site "http://www.queenalice.com/game.php?id=681857"]
[Date "2009.11.12"]
[Round "1"]
[White "willyanF"]
[Black "FeralPawn"]
[Result "0-1"]
[WhiteElo "1923"]
[BlackElo "1968"]

1. d4 e5 2. dxe5 Qe7 3. Nf3 Nc6 4. c4 Nxe5 5. Nxe5 Qxe5 6. Nc3 Bc5 7. e3 Nf6 8.
Bd3 b6 9. Qf3 Rb8 10. O-O Bb7 11. Qe2 O-O 12. Qc2 Bd6 13. g3 Qh5 14. a3 Bf3 15.
Be2 Ng4 16. h4 Nh2 17. Kxh2 Qxh4+ 0-1

[Event "AUTO-ADV-1538"]
[Site "http://www.queenalice.com/game.php?id=681858"]
[Date "2009.11.12"]
[Round "1"]
[White "FeralPawn"]
[Black "Zardoz"]
[Result "0-1"]
[WhiteElo "1986"]
[BlackElo "1865"]

1. e4 c5 2. b4 e6 3. Nf3 Qb6 4. Na3 Qxb4 5. Rb1 Qxe4+ 6. Be2 Nf6 7. O-O Bd6 8.
Nc4 Qc6 9. Bb2 Bc7 10. Nfe5 Qa4 11. Bd3 d5 12. Nxf7 Kxf7 13. Qh5+ Nxh5 14. Ne5+
Bxe5 15. Bxe5 Nc6 16. f4 Nxe5 17. fxe5+ Ke7 18. Rf3 c4 19. Be2 Qxc2 20. Rbf1 Qg6
21. Rg3 Nxg3 0-1

[Event "AUTO-ADV-1538"]
[Site "http://www.queenalice.com/game.php?id=681859"]
[Date "2009.11.12"]
[Round "1"]
[White "Zardoz"]
[Black "FeralPawn"]
[Result "1/2-1/2"]
[WhiteElo "2014"]
[BlackElo "1977"]

1. e4 e5 2. Nf3 Nc6 3. d4 exd4 4. Nxd4 Nxd4 5. Qxd4 Ne7 6. Nc3 Nc6 7. Qa4 Bc5 8.
Bd2 O-O 9. f4 d6 10. O-O-O Bg4 11. Be2 Bxe2 12. Nxe2 Re8 13. Kb1 Qe7 14. Ng3 a6
15. Rhe1 b5 16. Qb3 a5 17. Nf5 Qd7 18. Qg3 f6 19. Bc3 Rf8 20. Nh6+ Kh8 21. Nf5
Qf7 22. b3 a4 23. Qf3 axb3 24. axb3 Ra3 25. Bb2 Ra6 26. g4 Rfa8 27. e5 dxe5 28.
fxe5 Nxe5 29. Qd5 Qxd5 30. Rxd5 Bb4 31. Re4 Ba3 32. g5 Bxb2 33. Kxb2 Ra2+ 34.
Kc3 c6 35. gxf6 gxf6 36. Rd6 Rf8 37. Nd4 Ra1 38. Rf4 Rd1 39. Rdxf6 Rxf6 40. Rxf6
b4+ 41. Kxb4 Rxd4+ 42. c4 Re4 43. Rf5 Nd7 44. Ra5 Kg7 45. Ra7 Re7 46. Ra2 Ne5
47. Kc3 Kf6 48. b4 Rc7 49. Kd4 h5 50. b5 cxb5 51. cxb5 Rc4+ 52. Kd5 Rb4 53. Rf2+
Kg5 54. Kxe5 Rxb5+ 55. Ke4 Rb4+ 56. Kf3 Rb3+ 57. Kg2 1/2-1/2

[Event "AUTO-ADV-1538"]
[Site "http://www.queenalice.com/game.php?id=681860"]
[Date "2009.11.12"]
[Round "1"]
[White "FeralPawn"]
[Black "yugioh1"]
[Result "1/2-1/2"]
[WhiteElo "1987"]
[BlackElo "1698"]

1. e4 e5 2. Nf3 Nc6 3. d4 exd4 4. Nxd4 Nxd4 5. Qxd4 Nf6 6. Bc4 d6 7. O-O Be7 8.
Nc3 O-O 9. f4 c5 10. Nd5 cxd4 11. Rf3 Nxe4 12. f5 Ng5 13. Rg3 Ne4 14. Rf3 Bd7
15. b3 b5 16. Bd3 Nc3 17. f6 gxf6 18. Bh6 Re8 19. Rg3+ Kh8 20. Bg7+ Kg8 21.
Nxf6+ Bxf6 22. Bxf6+ Kf8 23. Bxd8 Raxd8 24. Bxh7 Ne2+ 25. Kf2 Nc3 26. Rg8+ Ke7
27. Rg3 Nd5 28. Rf3 Bc6 29. Re1+ Kf8 30. Rd1 Ne3 31. Rxe3 dxe3+ 32. Kg3 Ke7 33.
Bf5 1/2-1/2

[Event "AUTO-ADV-1538"]
[Site "http://www.queenalice.com/game.php?id=681861"]
[Date "2009.11.12"]
[Round "1"]
[White "yugioh1"]
[Black "FeralPawn"]
[Result "0-1"]
[WhiteElo "1709"]
[BlackElo "2006"]

1. e4 e5 2. Nf3 Nc6 3. Bc4 Bc5 4. d3 d6 5. c3 Nge7 6. O-O O-O 7. Bd2 Ng6 8. Bg5
Nce7 9. Bxe7 Qxe7 10. Nbd2 Nf4 11. Qc1 Ne2+ 12. Kh1 Nxc1 13. Raxc1 Be6 14. Bxe6
fxe6 15. Rfe1 Bxf2 16. Rf1 Be3 17. Rfe1 Bxd2 18. Nxd2 Rf2 19. Nc4 Qg5 20. Rf1
Qxg2# 0-1

[Event "chess world-2"]
[Site "http://www.queenalice.com/game.php?id=763103"]
[Date "2010.4.18"]
[Round "2"]
[White "FeralPawn"]
[Black "pajabraba69"]
[Result "0-1"]
[WhiteElo "1956"]
[BlackElo "2037"]

1. e4 e5 2. Nf3 Nc6 3. d4 exd4 4. Bc4 Bc5 5. c3 dxc3 6. Bxf7+ Kxf7 7. Qd5+ Kf8
8. Qxc5+ d6 9. Qxc3 Qf6 10. O-O Qxc3 11. Nxc3 Ke8 12. Nd5 Kd8 13. Bg5+ Nge7 14.
Rad1 Be6 15. Nxe7 Nxe7 16. b3 Bg4 17. e5 Bxf3 18. gxf3 Kd7 19. Rfe1 Rae8 20. e6+
Kc6 21. Rc1+ Kb6 22. Be3+ c5 23. b4 Rc8 24. Re2 Nd5 25. bxc5+ dxc5 26. Rb2+ Ka6
27. Bxc5 Nf4 28. Rc3 b6 29. Ra3+ Kb7 30. Be3 Nxe6 31. Rab3 Rc6 32. a4 Nc5 33.
Rb4 Nd3 34. a5 Nxb2 35. Rxb2 Rf8 36. Kg2 Rg6+ 37. Kf1 Rxf3 38. Ke2 Rf8 39. h4
Re6 40. axb6 axb6 41. h5 Rf5 42. h6 gxh6 43. Kf1 Rg6 44. f4 h5 45. Rb4 h4 46.
Re4 Rf7 47. Bg1 h3 48. Bh2 Rd7 49. Re1 Rg2 50. Rb1 Rxh2 0-1